000 00553nam a2200169 a 4500
005 20140412111410.0
008 070215s19uu xx 00 eng d
020 _a0-8423-3957-4
050 _aM 242.62
_bGo54 2000
100 _aMackall, Dandi Daley
245 _aBirthday blessings. /
_cDandi Daley Mackall.
260 _aIllinois :
_bTyndale house publishers,
_c2000.
440 _aLittle blessings picture book
650 _aChristian children - Religious life- Juvenile literature
650 _aBirthdays-- Juvenile literature
999 _c105649
_d105649